| 000 | 00783cab a22002415a 4500 | ||
|---|---|---|---|
| 001 | L159917 | ||
| 008 | 150113e2017 xxk 000 0 eng d | ||
| 035 | _a(Sirsi) u159917 | ||
| 041 | 0 | _aeng | |
| 050 | _a695 $2 18 | ||
| 100 | 1 | _aRushton, Trevor | |
| 245 | 0 | 0 |
_aLight loads _h[electronic resource] |
| 260 |
_aLondon _bRICS _c2017 |
||
| 490 |
_aRICS Building Surveying Journal _vMarch - April 2017, 5(1) |
||
| 520 | _aWarns about risks resulting from installing solar panels on roofs. | ||
| 650 | 2 | 4 | _aSOLAR PANELS |
| 650 | 2 | 4 | _aROOFING DEFECTS |
| 651 | 4 |
_aUnited Kingdom _y |
|
| 690 | _aBUILT ENVIRONMENT-BUILDING PATHOLOGY | ||
| 856 | 4 | 0 |
_uhttps://issuu.com/ricsmodus/docs/building_surveying_journal_march_ap _yAvailable free online via Issuu |
| 856 | 4 | 0 |
_u _z |
| 942 | _n0 | ||
| 999 |
_c85063 _d85063 |
||